000
00291nam a22001337a 4500
008
260311b ||||| |||| 00| 0 eng d
020
_a
18009794
041
_a
eng
080
_a
2.1
100
_a
20.1
101
_a
rev
245
_a
Qendra Kërkimore Zhvillimore - Peja
942
_2
udc
_c
BK
999
_c
60885
_d
60885